000 00571nam a2200181Ia 4500
003 GCL
008 140319s9999 xx 000 0 ara d
040 _aGCL /
_cGCL
082 0 4 _a231
_bهـ م
100 1 _aهاشم معروف الحسينى
245 1 0 _aالموضوعات فى الاثار والاخبار غرض ودراسة /
_cهاشم معروف الحسينى
260 _a[S.N] :
_bدار الكتاب اللبنانى ،
_c1973
300 _a336 ص
490 _a
650 0 4 _aالحديث
650 0 4 _aالمباحث العامة
942 _2ddc
_cBK
999 _c54155
_d54155